| 000 | 01205nam a22003737a 4500 | ||
|---|---|---|---|
| 003 | CHAP | ||
| 005 | 20220329134341.0 | ||
| 008 | 971013s1981 r 00010 d | ||
| 010 | _a19153 | ||
| 011 | _a20125 | ||
| 035 | _a24213 | ||
| 040 | _cCHAP | ||
| 090 | _aFolleto 10013 | ||
| 100 | 0 | 0 |
_aAmador Alarcon, Moises. _95061 |
| 245 | _aAnálisis e implementación de sistemas hidroagrícolas | ||
| 260 |
_aCardenas, Tab., : _bColegio Superior de Agricultura Tropical, _c1981 |
||
| 300 | _a29 h | ||
| 590 |
_aBATCH-UPD _b10 _c20130110 _lUCH01 _h0032 |
||
| 590 |
_aBATCH-UPD _b10 _c20130110 _lUCH01 _h1035 |
||
| 590 |
_aBATCH-UPD _b10 _c20130410 _lUCH01 _h0636 |
||
| 590 |
_aBATCH-UPD _b10 _c20130913 _lUCH01 _h2245 |
||
| 590 |
_aCONVERSION _b10 _c20130109 _lUCH01 _h1312 |
||
| 650 | 1 | 4 |
_aAgricultura _xTabasco. _91830 |
| 650 | 1 | 4 |
_aAgricultura _xTrópicos. _91888 |
| 650 | 1 | 4 |
_aBancales. _99803 |
| 650 | 1 | 4 |
_aDrenaje _xTabasco. _934213 |
| 650 | 1 | 4 |
_aMayas _xAgricultura. _973210 |
| 650 | 1 | 4 |
_aSistemas de cultivo. _9106746 |
| 700 | 0 |
_aCoronado N., Roberto. _928145 |
|
| 700 | 0 |
_aMirafuentes, Felipe. _976039 |
|
| 901 | _aBK | ||
| 942 | _cFOLL | ||
| 949 |
_aFolleto 10013 _bBC _cFOLL _d-55902 _eTS1 _i24213 _mD _si |
||
| 999 |
_c19153 _d19153 |
||